000 00283 a2200145 4500
001 172502
020 _a
040 _cMagnum
100 _aDuarte, Luiz
240 1 0 _aEu vi uma barata
_lpor
245 1 0 _aEu vi uma barata
362 0 _a1899
697 _aI/ANIMAIS
942 _cBK
999 _c172502
_d172502